Plan of the city of Philadelphia and Camden
Saved in:
| Main Author: | |
|---|---|
| Corporate Authors: | , , , |
| Other Authors: | |
| Format: | Electronic |
| Language: | English |
| Published: |
[1890].
|
| Series: | David Rumsey Collection digital maps
|
| Subjects: | |
| Tags: |
Add Tag
No Tags, Be the first to tag this record!
|
| LEADER | 01407nea a2200337Ka 4500 | ||
|---|---|---|---|
| 001 | 012024988-X | ||
| 005 | 20090630193809.0 | ||
| 008 | 060615t18901887pau a s 0 eng d | ||
| 034 | 1 | |a a |b 25000 |d W0750950 |e W0750950 |f N0395708 |g N0395708 | |
| 035 | 0 | |a ocm70116269 | |
| 040 | |a CUY |c CUY | ||
| 052 | |a 3824 |b P5 | ||
| 052 | |a 3814 |b C2 | ||
| 100 | 1 | |a Gamble, W. H. |q (William H.) | |
| 245 | 1 | 0 | |a Plan of the city of Philadelphia and Camden |h [electronic resource] / |c drawn and engraved by W.H. Gamble ; copyright 1887 by Wm. M. Bradley & Bro. |
| 255 | |a Scale [ca. 1:25,000]. | ||
| 260 | |c [1890]. | ||
| 500 | |a Shows wards, major buildings, railroads, etc. | ||
| 500 | |a Scanned raster image of original: 1 map : hand col. ; 36 x 53 cm. | ||
| 500 | |a Original in the David Rumsey Collection; scanned by Cartography Associates. | ||
| 651 | 0 | |a Philadelphia (Pa.) |v Maps. | |
| 651 | 0 | |a Camden (N.J.) |v Maps. | |
| 700 | 1 | |a Mitchell, S. Augustus |q (Samuel Augustus), |d 1792-1868. | |
| 710 | 2 | |a Wm. M. Bradley & Bros. | |
| 710 | 2 | |a John Y. Huber Company. | |
| 710 | 2 | |a David Rumsey Collection. | |
| 710 | 2 | |a Cartography Associates. | |
| 773 | 0 | |a Mitchell, S. Augustus (Samuel Augustus), 1792-1868. |t Mitchell's new general atlas. |d Philadelphia ; St. Louis : John Y. Huber Company, 1890, c1886. |g p. 42-43. |w (OCoLC)70047977 | |
| 830 | 0 | |a David Rumsey Collection digital maps |5 net | |
| 988 | |a 20090630 | ||
| 906 | |0 OCLC | ||


